Family Guy Character Quiz - Statistics

General Stats
  • This quiz has been taken 251 times
    14 since last reset
  • The average score is 11 of 12
Answer Stats
Hint Answer % Correct
“Adult-content” fan and middle child Chris Griffin
100%
Side character who later got there own spinoff Cleveland Brown
100%
The character who’s famous for his “Giggity” Glenn Quagmire
100%
The only side character in a wheelchair Joe Swanson
100%
The wife of the above Lois Griffin
100%
Only daughter of the two above Meg Griffin
100%
The shows Main-character Peter Griffin
100%
Genius baby who’s able to speak but nearly nobody is able to understand, most of the time at least Stewie Griffin
100%
Quahogs news presenter with a past in Hollywood Tom Tucker
90%
Only character who’s name actually appeared in these hints Brian
80%
Doctor who regularly hints add never having been to med-school Doctor Hartman
60%
Dog that briefly replaced Brian between his death and “return” Vinny
50%
No matching quizzes found
Score Distribution
Percent of People with Each Score
Percentile by Number Answered
Your Score History
You have not taken this quiz since the last reset